000 00358nam a22001457a 4500
003 OSt
040 _a0
082 _a839.4391
_bMAL 2015
100 _aMalik, Nadeem Shafiq
245 _aNawadarat-e- Allama Iqbal
_cDr.Nadeem Shafiq Malik
260 _aLahore
_bFiction house
_c2015
300 _a336 p.
_bHB
_c24 cm
650 _aAllama Iqbal
942 _2ddc
_cBK
999 _c16401
_d16401